| 000 | 01489cam a2200253 4500 | ||
|---|---|---|---|
| 001 | L137121 | ||
| 008 | 070315s2006 xxk f 000 0 eng d | ||
| 020 | _a9781851128259 | ||
| 035 | _a(Sirsi) u137121 | ||
| 041 | 0 | _aeng | |
| 050 | 0 | 4 | _a692.21 $2 18 |
| 110 | 2 |
_aUnited Kingdom _bDepartment for Communities and Local Government _94939 |
|
| 245 | 0 | 0 |
_aFire safety risk assessment _btransport premises and facilities |
| 260 |
_aLondon _bDepartment for Communities and Local Government _c2006 |
||
| 300 |
_a159p. _bill. _c30cm. |
||
| 490 | 0 | _aDCLG Fire Safety Risk Assessment | |
| 505 | 2 | _aIdentify fire hazards -- Identify people at risks -- Evaluate, remove, reduce and protect from risk -- Record plan, inform, instruct and train -- Review -- Further guidance on fire risks and preventative measures -- Fire-detection and warning systems -- Firefighting equipment and facilities -- Escape routes and strategies -- Emergency escape lighting -- Signs and notices -- Recording, planning, informing, instructing and training -- Quality assurance of fire protection equipment and installation | |
| 520 | _aInstructs on what has to be done to comply with fire safety law, carrying out a fire risk assessment, and identifying the general fire precautions that need to be in place. | ||
| 590 | _aKA | ||
| 650 | 2 | 4 | _aREGULATORY REFORM (FIRE SAFETY) ORDER 2005 |
| 651 | 4 |
_aEngland and Wales _y1543- |
|
| 690 | _aMANAGEMENT-HEALTH AND SAFETY-FIRE SAFETY-FIRE RISK ASSESSMENT | ||
| 942 | _n0 | ||
| 999 |
_c106649 _d106649 |
||